Longest Mario Kart 8 Deluxe World Records - Statistics

General Stats
  • This quiz has been taken 12 times
  • The average score is 5 of 10
Answer Stats
Time Answer % Correct
1:31.513 Rainbow Road
100%
1:51.501 Wii Rainbow Road
100%
1:48.764 Wii Maple Treeway
57%
1:27.338 3DS Rock Rock Mountain / Alpine Pass
43%
1:45.773 DS Waluigi Pinball
43%
1:45.527 GCN DK Mountain
43%
1:28.808 Cloudtop Cruise
29%
1:28.528 Tour London Loop
29%
1:31.467 Wii DK Summit / DK´s Snowboarding Cross
29%
1:27.987 Sunshine Airport
14%
No matching quizzes found
Score Distribution
Percent of People with Each Score
Percentile by Number Answered
Your Score History
You have not taken this quiz